Diseño gráfico para la gente: comunicaciones de masa y cambio social

Uloženo v:
Podrobná bibliografie
Hlavní autor: Frascara, Jorge (Autor)
Médium: Kniha
Jazyk:španělština
Vydáno: Buenos Aires Infinito 2000
Vydání:2a. ed
Edice:Biblioteca de Diseño
Témata:
Tagy: Přidat tag
Žádné tagy, Buďte první, kdo vytvoří štítek k tomuto záznamu!

MARC

LEADER 00000cam a2200000 a 4500
001 UCI8277
003 CL-VaPUC
005 20240820100007.0
008 080821e20000000AG |||||||||||||||||spa|d
999 |c 331271  |d 331269 
020 |a 987963702X 
040 |c Pontificia Universidad Católica de Valparaíso 
082 0 4 |a 302.3  |b FRA  |2 21 
100 0 |a Frascara, Jorge  |e author  |9 531808 
245 1 0 |a Diseño gráfico para la gente: comunicaciones de masa y cambio social 
250 |a 2a. ed 
260 |a Buenos Aires  |b Infinito  |c 2000 
300 |a 273 p 
490 0 |a Biblioteca de Diseño 
583 |a last modification  |c 20121120 11:37:10  |k Rodrigo Vera 
650 0 |a Comunicación visual   |9 265349 
650 0 |a Publicidad  |9 314572 
650 0 |a Servicios públicos  |9 328528 
650 0 |a Artes gráficas  |9 265865 
942 |c BK  |2 ddc 
945 |d 20080821 00:00:00  |a jtorresc 
952 |0 0  |1 0  |4 0  |6 302_300000000000000_FRA_2000  |7 0  |8 A  |9 417567  |a BIBARQ  |b BIBARQ  |d 2019-11-22  |i 4473515  |o 302.3 FRA 2000  |p 4473515  |r 2025-01-20  |w 2019-11-22  |y BK  |k ARQ